Forms of Transportation - Pictures Quiz - Statistics

General Stats
  • This quiz has been taken 66 times
  • The average score is 19 of 22
Answer Stats
Picture Answer % Correct
Car
100%
Bicycle
98%
Bus
98%
Cruise
96%
Helicopter
96%
Motorcycle
94%
Train
94%
Horse
92%
Walking
92%
Plane
90%
Taxi
90%
School Bus
86%
Submarine
86%
Sailboat
84%
Subway
84%
Tricycle
82%
Hot Air Balloon
78%
Scooter
76%
Golf Cart
69%
Trolley Car
67%
Blimp
65%
Buggy
51%
No matching quizzes found
Score Distribution
Percent of People with Each Score
Percentile by Number Answered
Your Score History
You have not taken this quiz